| 000 | 00000nam##2200000za#4500 |
| 001 | 9.573677 |
| 003 | CaOODSP |
| 005 | 20210624183820 |
| 007 | cr ||||||||||| |
| 008 | 150406|2005||||xxc|||||o f|0| 0 eng|d |
| 040 | |aCaOODSP|beng |
| 043 | |an-cn--- |
| 086 | 1 |aT41-1/33E-PDF |
| 110 | 1 |aCanada. |bTransport Canada. |
| 245 | 10|aActive transportation infrastructure program : |h[electronic resource]|bmaking sustainable transportation choices easier |
| 260 | |aOttawa - Ontario : |bTransport Canada |cMay 2005. |
| 300 | |a4p.|bphotographs |
| 490 | 1 |aCase studies in sustainable transportation|vCase study 33 |
| 500 | |aAt head of title: Urban Transportation Showcase Program. "Saanich, BC". |
| 590 | |a12-20-Supp|b2012-05-09 |
| 775 | 08|tProgramme d'infrastructures en transport actif : |w(CaOODSP)9.603773 |
| 830 | #0|aCase studies in sustainable transportation ;|vCase study 33|w(CaOODSP)9.506851 |
| 856 | 40|ahttp://publications.gc.ca|qPDF|s260 KB|uhttps://publications.gc.ca/collections/collection_2012/tc/T41-1-33-eng.pdf|yCase study 33 |
| 986 | |aTP 14418 E |